Générique Kangoo Junior - Paroles - Statistiques

Statistiques générales
  • Ce quiz a été pris 72 fois
  • Le résultat moyen est 8 sur 9
Statistiques - réponses
Paroles % Correct
Tous les p'tits {fous}
98%
On vous attend pour {chanter} en choeur
97%
Tous les Kangoo, tous les p'tits {fous}
97%
Tous les Kangoo, Kangoo {Junior}
95%
On vous attend sur l'île du {bonheur}
92%
Ils vous attendent, c'est l'{heure}
91%
Rendez-vous tous à School{Island}
91%
Rendez-vous tous à School {Island}
89%
Font la fête avec les {professeurs}
78%
Aucun quiz correspondant
Distribution des résultats
% des personnes avec chaque résultat
Percentile par nombre de réponses
Votre historique - résultats
Vous n’avez pas pris ce quiz